Campaña de Lima: Relación nominal de los SS. Jenerales, Jefes, Oficiales, individuos de tropa i empleados anexos al Ejército Expedicionario que han tomado parte en las actuaciones de guerra de Chorrillos i Miraflores el 13 y 15 de enero de 1881
Guardat en:
| Autor corporatiu: | |
|---|---|
| Format: | Llibre |
| Idioma: | espanyol |
| Publicat: |
Callao
Imprenta de El Día, calle de la Constitucion No. 126
1881
|
| Edició: | 1a. ed |
| Matèries: | |
| Etiquetes: |
Afegir etiqueta
Sense etiquetes, Sigues el primer a etiquetar aquest registre!
|
MARC
| LEADER | 00000nam a2200000 a 4500 | ||
|---|---|---|---|
| 001 | UCJ3080 | ||
| 003 | CL-VaPUC | ||
| 008 | 070124e18810000PE |||||||||||||||||spa|d | ||
| 082 | 0 | 4 | |a 983 |b REP |2 21 |
| 110 | 2 | |a República de Chile |e author |9 504345 | |
| 245 | 1 | 0 | |a Campaña de Lima: Relación nominal de los SS. Jenerales, Jefes, Oficiales, individuos de tropa i empleados anexos al Ejército Expedicionario que han tomado parte en las actuaciones de guerra de Chorrillos i Miraflores el 13 y 15 de enero de 1881 |
| 250 | |a 1a. ed | ||
| 300 | |a 2 v | ||
| 942 | |c BK | ||
| 945 | |d 20070124 00:00:00 |a rinostro | ||
| 260 | |a Callao |b Imprenta de El Día, calle de la Constitucion No. 126 |c 1881 | ||
| 500 | |a Texto orlado.- El volumen I figura, en el lomo, con el título de Relaciones Nominales; el v. 2, con el título Campaña de Lima 1879 - 1881.- Relación pormenorizada de quienes participaron en la campaña con indicación de muertos y heridos.- Se ubican en el área de libros de formato mayor | ||
| 650 | 0 | |a Historia de Chile |9 265473 | |
| 650 | 0 | |a Guerra del Pacífico |9 314886 | |
| 650 | 7 | |a CAMPAÑA DE LIMA |2 CL-VaPUC |9 504346 | |
| 650 | 0 | |a Operaciones militares |9 372045 | |
| 650 | 7 | |a LOGISTICA |2 CL-VaPUC |9 485423 | |
| 650 | 7 | |a BATALLA DE CHORRILLOS |2 CL-VaPUC |9 504347 | |
| 650 | 7 | |a BATALLA DE MIRAFLORES |2 CL-VaPUC |9 504348 | |
| 650 | 7 | |a DOTACION MILITAR |2 CL-VaPUC |9 504349 | |
| 651 | 7 | |a CHILE |2 CL-VaPUC |9 504350 | |
| 651 | 0 | |a Perú |9 256567 | |
| 583 | |a last modification |c 20070124 00:00:00 |k Rodrigo Vera | ||
| 999 | |c 319203 |d 319201 | ||
| 952 | |0 0 |1 0 |4 0 |6 983_000000000000000_REP_1881 |7 0 |8 X |9 397464 |a FDOBUD |b FDOBUD |d 2019-11-22 |h v.1 |i 1072021 |o 983 REP 1881 |p 1072021 |r 2019-11-22 |w 2019-11-22 |y BK_X |k BUD | ||
| 952 | |0 0 |1 0 |4 0 |6 983_000000000000000_REP_1881 |7 0 |8 X |9 397465 |a FDOBUD |b FDOBUD |d 2019-11-22 |h v.2 |i 1026550 |o 983 REP 1881 |p 1026550 |r 2019-11-22 |w 2019-11-22 |y BK_X |k BUD | ||